[Event "U.S. Amateur North"]
[Site "Detroit, MI"]
[Date "1997.05.24"]
[Round "2.11"]
[White "Sattler, Peter"]
[Black "Williams, Ron"]
[Result "0-1"]
[WhiteElo "1625"]
[BlackElo "1918"]
[PlyCount "92"]
[EventDate "1997.05.24"]

1. e4 c5 2. Nf3 Nc6 3. d4 cxd4 4. Nxd4 e6 5. Be3 Nge7 6. Nb5 d5 7. N1c3 a6 8.
Nd4 Nxd4 9. Qxd4 Nc6 10. Qb6 d4 11. Qxd8+ Kxd8 12. O-O-O e5 13. Bg5+ f6 14. Bh4
Be6 15. Nd5 b5 16. f4 Be7 17. Nxe7 Nxe7 18. fxe5 fxe5 19. Kb1 Ke8 20. Be2 Rf8
21. Bg3 Nc6 22. c3 h6 23. Bh5+ Ke7 24. cxd4 exd4 25. Bf3 Rac8 26. a3 b4 27.
axb4 Nxb4 28. Rd2 Rc5 29. Bd6+ Kxd6 30. Rxd4+ Nd5 31. Rhd1 Ke5 32. exd5 Bf5+
33. Ka2 Bc2 34. b4 Bxd1 35. Rxd1 Rc2+ 36. Kb3 Rfc8 37. Re1+ Kf4 38. Re4+ Kf5
39. g4+ Kg5 40. Re5+ Kf4 41. Rf5+ Ke3 42. b5 axb5 43. Kb4 Rb2+ 44. Ka5 Rf2 45.
Be4 Ra2+ 46. Kxb5 Rb2+ 0-1

[Event "U.S. Amateur North"]
[Site "Detroit, MI"]
[Date "1997.05.24"]
[Round "1.4"]
[White "Saenz, Scott"]
[Black "LaFata, Sam"]
[Result "0-1"]
[WhiteElo "1287"]
[BlackElo "2019"]
[PlyCount "62"]
[EventDate "1997.05.24"]

1. d4 d5 2. c4 Nc6 3. Nc3 dxc4 4. e3 e5 5. d5 Na5 6. Qa4+ c6 7. Bxc4 b5 8. Nxb5
Nxc4 9. Nxa7 Qa5+ 10. Qxa5 Nxa5 11. Nxc6 Nxc6 12. dxc6 Be6 13. Nf3 f6 14. a3
Bd5 15. b4 Bxb4+ 16. Bd2 Rxa3 17. Rxa3 Bxa3 18. c7 Kd7 19. Ba5 Ne7 20. O-O Ra8
21. Bb6 Ra6 22. Rb1 Nc8 23. Rd1 Nxb6 24. e4 Ra5 25. exd5 Rxd5 26. Ra1 Kxc7 27.
Kf1 Nc4 28. Ke2 e4 29. Ne1 Rd2+ 30. Kf1 Bc5 31. Rc1 Rxf2+ 0-1

[Event "U.S. Amateur North"]
[Site "Detroit, MI"]
[Date "1997.05.24"]
[Round "2.33"]
[White "Rucker, Ed"]
[Black "Jaynes, Anthony"]
[Result "1-0"]
[WhiteElo "1214"]
[BlackElo "714"]
[PlyCount "79"]
[EventDate "1997.05.24"]

1. d4 e6 2. e4 d5 3. exd5 exd5 4. Nf3 c5 5. c3 Bg4 6. Bb5+ Nc6 7. O-O Qb6 8.
Re1+ Be7 9. a4 Nf6 10. Qe2 O-O 11. Bg5 cxd4 12. Bxc6 Qxc6 13. h3 Bxf3 14. Qxf3
Rae8 15. Nd2 dxc3 16. bxc3 Bc5 17. Bxf6 Qxf6 18. Qxf6 gxf6 19. Nf3 Rxe1+ 20.
Rxe1 Rc8 21. Rd1 Ba3 22. Rd3 Bb2 23. Rxd5 Rxc3 24. Rb5 Rc1+ 25. Kh2 Be5+ 26.
Nxe5 fxe5 27. Rxe5 Ra1 28. a5 b6 29. axb6 axb6 30. Rb5 Ra6 31. Kg3 Ra3+ 32. Kf4
Ra4+ 33. Ke5 f6+ 34. Kxf6 Rf4+ 35. Rf5 Rc4 36. g4 Rc6+ 37. Ke7 Rc7+ 38. Kd6 Rc2
39. h4 Rd2+ 40. Kc6 1-0

[Event "U.S. Amateur North"]
[Site "Detroit, MI"]
[Date "1997.05.24"]
[Round "3.5"]
[White "Rotberg, Victor"]
[Black "LaForge, Tom"]
[Result "0-1"]
[WhiteElo "1738"]
[BlackElo "1966"]
[PlyCount "74"]
[EventDate "1997.05.24"]

1. e4 e6 2. d4 d5 3. Nc3 Nf6 4. Bg5 Be7 5. e5 Ne4 6. Bxe7 Nxc3 7. Bxd8 Nxd1 8.
Bxc7 Nxb2 9. Rb1 Nc4 10. Bxc4 dxc4 11. Rb4 Na6 12. Rxc4 b5 13. Rc3 b4 14. Rc4
Bb7 15. Kf1 Rc8 16. h4 Rxc7 17. Rxc7 Nxc7 18. Rh3 Ke7 19. Rb3 Rb8 20. f3 a5 21.
Nh3 Bd5 22. Rb2 Nb5 23. Nf4 Nxd4 24. c3 Nc6 25. cxb4 Bc4+ 26. Ke1 Rxb4 27. Rc2
Nxe5 28. a3 Rb1+ 29. Kd2 Ra1 30. Ke3 Rxa3+ 31. Kd4 Bb3 32. Rc7+ Nd7 33. Nd3 Kd6
34. Ra7 Bd5 35. Ra6+ Bc6 36. Kc4 Rxd3 37. Kxd3 Nc5+ 0-1

[Event "U.S. Amateur North"]
[Site "Detroit, MI"]
[Date "1997.05.24"]
[Round "1.23"]
[White "Rotberg, Victor"]
[Black "Goerke, Daniel"]
[Result "1-0"]
[WhiteElo "1738"]
[BlackElo "869"]
[PlyCount "41"]
[EventDate "1997.05.24"]

1. e4 e5 2. Nf3 d6 3. d4 exd4 4. Nxd4 Nf6 5. Nc3 d5 6. Bg5 dxe4 7. Nxe4 Nbd7 8.
Bc4 h6 9. O-O hxg5 10. Nxg5 Ne5 11. Re1 Qd6 12. Nxf7 Qc5 13. Rxe5+ Qxe5 14.
Nxe5 Bd6 15. Ndf3 Bxe5 16. Nxe5 Bf5 17. Qf3 c6 18. Qxf5 Ke7 19. Rd1 Rh7 20.
Qe6+ Kf8 21. Qf7# 1-0

[Event "U.S. Amateur North"]
[Site "Detroit, MI"]
[Date "1997.05.24"]
[Round "2.24"]
[White "Rosenberg, Steve"]
[Black "Steen, Harold"]
[Result "0-1"]
[WhiteElo "1923"]
[BlackElo "1783"]
[PlyCount "120"]
[EventDate "1997.05.24"]

1. d4 d6 2. c4 Nf6 3. Nc3 g6 4. e4 Bg7 5. Nf3 O-O 6. Be2 b6 7. O-O Bb7 8. Qc2
Nbd7 9. Bf4 Nh5 10. Bg3 Nxg3 11. hxg3 e5 12. dxe5 Nxe5 13. Nxe5 Bxe5 14. Bd3 a6
15. f4 Bd4+ 16. Kh2 Qf6 17. f5 g5 18. Rf2 Qh6+ 19. Kg1 Bxf2+ 20. Qxf2 f6 21.
Re1 Rae8 22. a4 Re5 23. Qc2 Rfe8 24. Nd1 Rxf5 25. Nf2 Qg7 26. Qc3 Rfe5 27. Ng4
R5e6 28. Rf1 Rf8 29. Qc2 h5 30. Ne3 Re5 31. Nf5 Qd7 32. Qe2 Qh7 33. Rf3 Rfe8
34. Re3 Qg6 35. g4 h4 36. Kf2 Kf8 37. b4 Qf7 38. Kf3 Qh7 39. Kf2 Qd7 40. Qc2 c6
41. Be2 d5 42. cxd5 cxd5 43. exd5 Bxd5 44. Qc3 Qe6 45. Nd4 Qd7 46. Nf5 Qc6 47.
Qa3 Rxe3 48. Nxe3 Qd6 49. Nf5 Qf4+ 50. Bf3 Qd2+ 51. Kg1 b5 52. Bxd5 Qxd5 53.
Qa1 Qe5 54. Qf1 Qe1 55. axb5 axb5 56. Nd6 Qxf1+ 57. Kxf1 Re5 58. Kf2 Ke7 59.
Nf5+ Kd7 60. Ne3 Kc6 0-1

[Event "U.S. Amateur North"]
[Site "Detroit, MI"]
[Date "1997.05.24"]
[Round "1.46"]
[White "Rosenberg, Steve"]
[Black "Beider, Andrew"]
[Result "1/2-1/2"]
[WhiteElo "1923"]
[BlackElo "2105"]
[PlyCount "92"]
[EventDate "1997.05.24"]

1. d4 d5 2. c4 e6 3. Nc3 Nf6 4. Nf3 Be7 5. e3 O-O 6. Bd3 b6 7. O-O Bb7 8. Qe2
Nbd7 9. e4 dxe4 10. Nxe4 Nxe4 11. Bxe4 Bxe4 12. Qxe4 Nf6 13. Qe2 c5 14. dxc5
Bxc5 15. Be3 Qe7 16. Bxc5 Qxc5 17. Rad1 Rfd8 18. Rxd8+ Rxd8 19. Rd1 Rxd1+ 20.
Qxd1 g5 21. Qd4 Qf5 22. Nd2 h6 23. b4 e5 24. Qc3 Qe6 25. h3 Kf8 26. a3 Ke7 27.
c5 Nd5 28. Qc4 Nf4 29. cxb6 axb6 30. Qxe6+ Kxe6 31. Kh2 Kd5 32. f3 f5 33. g4
fxg4 34. hxg4 Ne2 35. a4 Nd4 36. a5 bxa5 37. bxa5 Kc6 38. Nc4 Nxf3+ 39. Kg3 e4
40. Kf2 Kb5 41. Nd6+ Kxa5 42. Nxe4 Ne5 43. Nf6 Kb5 44. Ke3 Kc5 45. Ke4 Kd6 46.
Kf5 Nxg4 1/2-1/2

[Event "U.S. Amateur North"]
[Site "Detroit, MI"]
[Date "1997.05.24"]
[Round "3.1"]
[White "Roe, Philip"]
[Black "Townsend, Paul"]
[Result "0-1"]
[WhiteElo "2093"]
[BlackElo "1923"]
[PlyCount "112"]
[EventDate "1997.05.24"]

1. e4 e6 2. d4 b6 3. Nf3 Bb7 4. Bd3 Nf6 5. Nbd2 d6 6. O-O c5 7. c3 Be7 8. Qe2
Nc6 9. Rd1 cxd4 10. cxd4 O-O 11. Nf1 Nb4 12. Bb1 Ba6 13. Qd2 d5 14. e5 Ne4 15.
Qe3 Qc7 16. Bxe4 dxe4 17. Qxe4 Nc2 18. Rb1 Rfd8 19. Ng5 Bxg5 20. Bxg5 Rdc8 21.
Rbc1 Bb7 22. Qh4 Qd7 23. Rd3 Qd5 24. Qg4 h5 25. Qg3 Nxd4 26. Re1 Ba6 27. Rxd4
Qxd4 28. Bf6 Qg4 29. Be7 Bxf1 30. Kxf1 Qxg3 31. hxg3 Rc2 32. Rb1 Rac8 33. Ke1
Rc1+ 34. Rxc1 Rxc1+ 35. Kd2 Rg1 36. Ke2 Kh7 37. Bb4 Kg6 38. Bc3 Kf5 39. a3 Kg4
40. Be1 Kf5 41. Bc3 Ke4 42. f3+ Kd5 43. Kf2 Rc1 44. f4 Kc4 45. g4 hxg4 46. Kg3
Rxc3+ 47. bxc3 Kxc3 48. Kxg4 b5 49. Kg5 a5 50. g4 b4 51. axb4 axb4 52. f5 b3
53. f6 gxf6+ 54. Kxf6 Kd4 55. g5 b2 56. Kxf7 Kxe5 0-1

[Event "U.S. Amateur North"]
[Site "Detroit, MI"]
[Date "1997.05.24"]
[Round "1.1"]
[White "Roe, Philip"]
[Black "Dolin, Jack"]
[Result "1-0"]
[WhiteElo "2090"]
[BlackElo "1605"]
[PlyCount "83"]
[EventDate "1997.05.24"]

1. e4 e6 2. d4 d5 3. Nd2 dxe4 4. Nxe4 Nd7 5. Nf3 Ngf6 6. Bd3 Nxe4 7. Bxe4 Nf6
8. Bd3 b6 9. Ne5 Bb7 10. Bb5+ c6 11. Bxc6+ Bxc6 12. Nxc6 Qd5 13. Qf3 Qxf3 14.
gxf3 Rc8 15. Nxa7 Rxc2 16. O-O Be7 17. Rd1 O-O 18. Rd2 Rxd2 19. Bxd2 Rd8 20.
Be3 Ra8 21. Nb5 Rc8 22. Rc1 Rxc1+ 23. Bxc1 Nd5 24. a3 f5 25. Kf1 Bf6 26. Ke2 e5
27. Kd3 Kf7 28. Kc4 Ke6 29. h3 f4 30. Nc3 Nxc3 31. bxc3 exd4 32. cxd4 g5 33. a4
Kd7 34. Ba3 Kc6 35. Bb4 Bd8 36. d5+ Kd7 37. Kb5 Bc7 38. Ka6 Bd8 39. Kb7 Bc7 40.
Bc3 Bd8 41. Bd4 Kd6 42. Bxb6 1-0

[Event "U.S. Amateur North"]
[Site "Detroit, MI"]
[Date "1997.05.24"]
[Round "2.31"]
[White "Robinson, David"]
[Black "Spencer, Tyrone"]
[Result "1-0"]
[WhiteElo "1278"]
[BlackElo "809"]
[PlyCount "53"]
[EventDate "1997.05.24"]

1. d4 d5 2. c4 c6 3. Nf3 Nf6 4. Nc3 e6 5. Bg5 Be7 6. e3 O-O 7. Bd3 Qd6 8. e4 b6
9. e5 Qd8 10. exf6 Bxf6 11. Bxf6 Qxf6 12. Qc2 g6 13. h4 h5 14. Ne2 Re8 15. Ne5
Nd7 16. f4 Nxe5 17. fxe5 Qd8 18. Bxg6 dxc4 19. Bxh5 Qe7 20. O-O-O Qb4 21. Rdf1
Rf8 22. Rf6 c3 23. b3 Qa3+ 24. Kd1 Ba6 25. Rh6 Bxe2+ 26. Ke1 Bxh5 27. Qh7# 1-0

[Event "U.S. Amateur North"]
[Site "Detroit, MI"]
[Date "1997.05.24"]
[Round "3.17"]
[White "Robinson, David"]
[Black "Moore, Robert"]
[Result "0-1"]
[WhiteElo "1278"]
[BlackElo "1716"]
[PlyCount "120"]
[EventDate "1997.05.24"]

1. d4 g6 2. c4 Bg7 3. Nc3 d6 4. e4 e5 5. d5 Ne7 6. Nf3 O-O 7. Bd3 Nd7 8. b4 a5
9. Ba3 axb4 10. Bxb4 b6 11. Qc2 Nf6 12. Nb5 Nh5 13. a4 Nf4 14. O-O Bg4 15. Ne1
f5 16. f3 Nxd3 17. Nxd3 fxe4 18. Nf2 Bd7 19. Nxe4 Nf5 20. Ra3 Bh6 21. Rfa1 Bxb5
22. axb5 Rxa3 23. Rxa3 Qh4 24. Bd2 Be3+ 25. Kh1 Nd4 26. Qd1 Bxd2 27. Qxd2 Qxe4
28. Rd3 Qe2 29. Kg1 Qxd2 30. Rxd2 Ra8 31. Kf2 Ra4 32. Ke3 Rxc4 33. Ra2 Nxb5 34.
Rb2 Nd4 35. Kd3 Rc5 36. Ke4 Kf7 37. f4 Kf6 38. fxe5+ dxe5 39. Rf2+ Nf5 40. g4
Rc4+ 41. Kd3 Rxg4 42. Rc2 Rd4+ 43. Ke2 Rxd5 44. Rxc7 Kg5 45. Rxh7 b5 46. Rb7
Nd6 47. Rb6 Rd4 48. h3 b4 49. Ke1 Kf4 50. Ke2 Re4+ 51. Kd3 Rd4+ 52. Ke2 g5 53.
Rb8 e4 54. Rb6 Nf5 55. Rb5 Rc4 56. Kd2 e3+ 57. Kd1 e2+ 58. Kd2 Nd4 59. Rb8 Rc2+
60. Kd3 e1=Q 0-1

[Event "U.S. Amateur North"]
[Site "Detroit, MI"]
[Date "1997.05.24"]
[Round "3.25"]
[White "Reid, Ricky"]
[Black "Chrzan, Bryan"]
[Result "1-0"]
[WhiteElo "1581"]
[BlackElo "903"]
[PlyCount "87"]
[EventDate "1997.05.24"]

1. d4 e6 2. Nf3 Nf6 3. e3 b6 4. Bd3 Nc6 5. O-O Be7 6. c4 d5 7. Nc3 Ba6 8. Qa4
Bb7 9. Ne5 Qd6 10. a3 O-O 11. Qc2 Nxe5 12. dxe5 Qxe5 13. cxd5 Bd6 14. f4 Qh5
15. Be2 Qh6 16. e4 Qg6 17. Bd3 e5 18. fxe5 Bxe5 19. Bf4 Bxf4 20. Rxf4 c6 21. e5
Qg5 22. Raf1 g6 23. exf6 cxd5 24. Qf2 Rad8 25. Qd4 Rfe8 26. h4 Qe5 27. Qxe5
Rxe5 28. Kf2 h6 29. Re1 Rxe1 30. Kxe1 d4 31. Ne2 Re8 32. Rxd4 Bxg2 33. Kf2 Bb7
34. Rd7 Be4 35. Bc4 Rc8 36. Bxf7+ Kf8 37. Re7 Bd3 38. Nd4 Bf5 39. Ke3 Rc1 40.
Nxf5 gxf5 41. Rxa7 Rf1 42. Bh5 f4+ 43. Ke2 Rh1 44. Ra8# 1-0

[Event "U.S. Amateur North"]
[Site "Detroit, MI"]
[Date "1997.05.24"]
[Round "3.6"]
[White "Poenisch, Volker"]
[Black "Hill, Brad"]
[Result "1/2-1/2"]
[WhiteElo "1957"]
[BlackElo "1743"]
[PlyCount "105"]
[EventDate "1997.05.24"]

1. d4 d6 2. c4 e5 3. d5 f5 4. Nc3 Nf6 5. e4 fxe4 6. Bg5 Bf5 7. Nge2 Be7 8. Bxf6
Bxf6 9. Ng3 Bg6 10. Ngxe4 O-O 11. Bd3 Nd7 12. h4 Bxh4 13. Qg4 Rf4 14. Qe2 Rf7
15. O-O-O Bg5+ 16. Kb1 Qe7 17. Ng3 Bxd3+ 18. Qxd3 g6 19. Nge4 Raf8 20. Nb5 Nc5
21. Nxc5 dxc5 22. f3 a6 23. d6 cxd6 24. Nxd6 Rg7 25. Qd5+ Kh8 26. Qxc5 Rd8 27.
Ne4 Bf6 28. Rxd8+ Qxd8 29. Nxf6 Qxf6 30. Qc8+ Rg8 31. Qxb7 Rg7 32. Qd5 Qf5+ 33.
Qe4 Qxe4+ 34. fxe4 Rd7 35. Rc1 Kg7 36. c5 Kf6 37. b4 Ke7 38. Kb2 Rd4 39. Kc3
Rxe4 40. Rd1 Rf4 41. a4 Rf8 42. b5 axb5 43. axb5 Rc8 44. c6 e4 45. Rd7+ Ke6 46.
Rxh7 Kd5 47. Re7 Kc5 48. Re5+ Kb6 49. Kb4 Rd8 50. Rxe4 Rd5 51. Re6 Rxb5+ 52.
Kc4 Rg5 53. Kd4 1/2-1/2

[Event "U.S. Amateur North"]
[Site "Detroit, MI"]
[Date "1997.05.24"]
[Round "1.9"]
[White "Poenisch, Volker"]
[Black "Goerke, Jesse"]
[Result "1-0"]
[WhiteElo "1957"]
[BlackElo "1152"]
[PlyCount "43"]
[EventDate "1997.05.24"]

1. e4 c5 2. Nf3 Nc6 3. c3 Nf6 4. e5 Ng4 5. d4 cxd4 6. cxd4 Qa5+ 7. Nc3 e6 8.
Bd2 a6 9. h3 Nh6 10. Bd3 g6 11. Ne4 Qb6 12. Nf6+ Kd8 13. d5 Nb4 14. Be3 Nxd3+
15. Qxd3 Qxb2 16. O-O Nf5 17. Rab1 Qa3 18. Bb6+ Ke7 19. Qxa3+ d6 20. exd6+ Kxf6
21. Qc3+ e5 22. Qxe5# 1-0

[Event "U.S. Amateur North"]
[Site "Detroit, MI"]
[Date "1997.05.24"]
[Round "3.43"]
[White "Owens, Rickey"]
[Black "Funderburg, James"]
[Result "0-1"]
[WhiteElo "1122"]
[BlackElo "738"]
[PlyCount "90"]
[EventDate "1997.05.24"]

1. e4 e5 2. Nf3 Nc6 3. Nc3 Nf6 4. Bb5 Bc5 5. Bxc6 dxc6 6. O-O Ng4 7. d4 exd4 8.
Bg5 f6 9. Bh4 O-O 10. Ne2 Ne3 11. Qe1 Nxc2 12. Qc1 Nxa1 13. Qxc5 d3 14. Ng3 Nc2
15. Qc4+ Kh8 16. Rd1 Bg4 17. Qxd3 Qxd3 18. Rxd3 Bxf3 19. Rxf3 Nb4 20. Rb3 c5
21. a3 Na6 22. Rxb7 Rfb8 23. Rxb8+ Rxb8 24. b4 cxb4 25. axb4 Rxb4 26. h3 Nc5
27. Nf1 Nxe4 28. Bg3 c5 29. f3 Nxg3 30. Nxg3 c4 31. Ne2 Rb2 32. Kf2 c3 33. Ke3
c2 34. g4 a5 35. h4 a4 36. Kd3 a3 37. Kd2 a2 38. Nd4 a1=Q 39. Nxc2 Qa5+ 40. Kd3
Rb3+ 41. Ke2 Qe5+ 42. Kd2 Qd5+ 43. Kc1 Qd3 44. f4 Qf1+ 45. Kd2 Rd3# 0-1

[Event "U.S. Amateur North"]
[Site "Detroit, MI"]
[Date "1997.05.24"]
[Round "1.10"]
[White "Owens, Rickey"]
[Black "Coleman, John"]
[Result "0-1"]
[WhiteElo "1122"]
[BlackElo "1949"]
[PlyCount "52"]
[EventDate "1997.05.24"]

1. e4 c6 2. Nc3 d5 3. e5 Bf5 4. Bd3 Bxd3 5. cxd3 d4 6. Nce2 c5 7. Qa4+ Nc6 8.
Nf3 e6 9. O-O Nge7 10. Qb5 Qb6 11. Qxb6 axb6 12. Nf4 h6 13. Nh3 Nd5 14. g3 g5
15. g4 Bg7 16. Kh1 Nxe5 17. Ne1 Nxg4 18. f3 Ne5 19. f4 gxf4 20. Nxf4 Nxf4 21.
Rxf4 f5 22. Rf1 Bf6 23. Nf3 Nxd3 24. b3 Kd7 25. Rg1 Rhg8 26. Ba3 Nf2# 0-1

[Event "U.S. Amateur North"]
[Site "Detroit, MI"]
[Date "1997.05.24"]
[Round "2.25"]
[White "Morian, William"]
[Black "Henry, Robynne"]
[Result "1/2-1/2"]
[WhiteElo "1603"]
[BlackElo "876"]
[PlyCount "84"]
[EventDate "1997.05.24"]

1. e4 e5 2. Nf3 d6 3. d4 exd4 4. Qxd4 Nc6 5. Bb5 Bd7 6. Bxc6 Bxc6 7. Nc3 Nf6 8.
Bg5 Be7 9. O-O-O O-O 10. Rhe1 h6 11. Bh4 Re8 12. Nd2 Ng4 13. Bxe7 Rxe7 14. f3
Nf6 15. Nc4 Rd7 16. e5 dxe5 17. Qxe5 Qe8 18. Qxe8+ Rxe8 19. Rxe8+ Nxe8 20. Ne5
Rxd1+ 21. Kxd1 f6 22. Nxc6 bxc6 23. Kd2 Kf7 24. Kd3 Ke7 25. Kd4 Nd6 26. Kc5 Kd7
27. Ne2 Nb7+ 28. Kc4 a6 29. b4 Kd6 30. a4 c5 31. c3 g5 32. Ng3 cxb4 33. cxb4 c6
34. Nf5+ Ke6 35. Nxh6 a5 36. b5 Nd6+ 37. Kc5 cxb5 38. axb5 a4 39. Kb4 a3 40.
Kxa3 Nxb5+ 41. Kb4 Nd4 42. Ng4 Nf5 1/2-1/2

[Event "U.S. Amateur North"]
[Site "Detroit, MI"]
[Date "1997.05.24"]
[Round "2.1"]
[White "Moore, Robert"]
[Black "Roe, Philip"]
[Result "0-1"]
[WhiteElo "1716"]
[BlackElo "2093"]
[PlyCount "68"]
[EventDate "1997.05.24"]

1. e4 c5 2. Nf3 d6 3. d4 cxd4 4. Nxd4 Nf6 5. Nc3 g6 6. Be3 Bg7 7. Be2 Nc6 8.
O-O O-O 9. Nb3 Be6 10. f4 Na5 11. Kh1 Nc4 12. Bxc4 Bxc4 13. Rf2 Qd7 14. h3 b5
15. a3 a5 16. Nd2 Be6 17. Qf1 b4 18. Nb5 Rfc8 19. Qd3 bxa3 20. Rxa3 Rab8 21.
Rxa5 Nxe4 22. Qxe4 Rxb5 23. Ra7 Qd8 24. b3 Bf6 25. Nf3 Ra5 26. Qb4 Rxa7 27.
Bxa7 Bc3 28. Qe4 Qa5 29. Bd4 Bf5 30. Qxe7 Bxd4 31. Nxd4 Qa1+ 32. Kh2 Qxd4 33.
Kg3 Rc3+ 34. Rf3 Rxf3+ 0-1

[Event "U.S. Amateur North"]
[Site "Detroit, MI"]
[Date "1997.05.24"]
[Round "3.12"]
[White "Moody, David"]
[Black "King, Edwin"]
[Result "1-0"]
[WhiteElo "2024"]
[BlackElo "1409"]
[PlyCount "79"]
[EventDate "1997.05.24"]

1. e4 d5 2. Nc3 dxe4 3. Nxe4 Nf6 4. Nxf6+ exf6 5. d4 Nc6 6. c3 Bd6 7. Bd3 O-O
8. Ne2 Re8 9. O-O Bg4 10. f3 Bh5 11. Bf4 Rxe2 12. Bxd6 Re8 13. Bg3 Qd7 14. Qc2
Bg6 15. Bxg6 hxg6 16. Rfe1 a5 17. Re4 f5 18. Re2 Rxe2 19. Qxe2 g5 20. Re1 f4
21. Bf2 Kf8 22. Qb5 f6 23. d5 Ne5 24. Bc5+ Kg8 25. Qxb7 Rd8 26. Rd1 g4 27. d6
cxd6 28. Qxd7 Rxd7 29. Rxd6 Rb7 30. b4 gxf3 31. a4 fxg2 32. Kxg2 Nd7 33. Bd4
axb4 34. cxb4 Kf7 35. b5 Ke7 36. Ra6 Nb8 37. Ra7 Rd7 38. a5 Kd8 39. Rxd7+ Kxd7
40. a6 1-0

[Event "U.S. Amateur North"]
[Site "Detroit, MI"]
[Date "1997.05.24"]
[Round "1.3"]
[White "Moody, David"]
[Black "Evans Jr., Thomas"]
[Result "1-0"]
[WhiteElo "2024"]
[BlackElo "1299"]
[PlyCount "41"]
[EventDate "1997.05.24"]

1. e4 e6 2. d4 d5 3. Nc3 Bb4 4. e5 Nc6 5. Nf3 Nge7 6. Bd3 Nf5 7. Bxf5 exf5 8.
O-O Bxc3 9. bxc3 O-O 10. Bg5 Qe8 11. Qd2 Be6 12. Qf4 Ne7 13. Qh4 Ng6 14. Qh5
Qc6 15. Bf6 Rfe8 16. Rab1 gxf6 17. exf6 Bd7 18. Ne5 Rxe5 19. dxe5 Nxe5 20. Qh6
Qxc3 21. Qg7# 1-0

[Event "U.S. Amateur North"]
[Site "Detroit, MI"]
[Date "1997.05.24"]
[Round "2.15"]
[White "McNeil, Yaking"]
[Black "Garant, Justin"]
[Result "0-1"]
[WhiteElo "1501"]
[BlackElo "1906"]
[PlyCount "90"]
[EventDate "1997.05.24"]

1. e3 d6 2. f4 Nf6 3. Nf3 g6 4. b3 Bg7 5. Bb2 O-O 6. h3 c5 7. g4 Ne4 8. Bxg7
Kxg7 9. Rg1 Nc6 10. h4 e6 11. d3 Qf6 12. Na3 Nc3 13. Qc1 e5 14. f5 e4 15. dxe4
Nxe4 16. Bd3 d5 17. Nb5 Qe7 18. Qb2+ Kg8 19. O-O-O a6 20. Nc3 Nxc3 21. Qxc3
Qxe3+ 22. Nd2 Qe7 23. h5 d4 24. Qb2 g5 25. Ne4 f6 26. Rde1 Qe5 27. Kb1 Qc7 28.
Nxc5 Kg7 29. Bc4 Ne5 30. Ne6+ Bxe6 31. Bxe6 Nf3 32. h6+ Kh8 33. Rd1 Nxg1 34.
Rxg1 Qc3 35. Qa3 Qh3 36. Bd5 Qxh6 37. Bxb7 Ra7 38. Bd5 Rd8 39. Bc4 Qh2 40. Rd1
Qg2 41. Kb2 Qxg4 42. Rh1 Qe4 43. Rh6 Kg7 44. Rh2 d3 45. cxd3 Qe5+ 0-1

[Event "U.S. Amateur North"]
[Site "Detroit, MI"]
[Date "1997.05.24"]
[Round "1.27"]
[White "McCarter, Robert"]
[Black "Goode, Randy"]
[Result "1-0"]
[WhiteElo "1680"]
[BlackElo "835"]
[PlyCount "71"]
[EventDate "1997.05.24"]

1. d4 Nf6 2. Nf3 e6 3. Bf4 c5 4. c3 Nc6 5. e3 cxd4 6. exd4 d5 7. Bd3 Be7 8. h3
Bd7 9. Nbd2 Nh5 10. Bh2 g6 11. O-O O-O 12. Re1 Rc8 13. Nf1 a6 14. Qd2 Bf6 15.
Ne3 Bg5 16. Nxg5 Qxg5 17. Rad1 Ne7 18. Ng4 Qxd2 19. Rxd2 Kg7 20. Ne5 Bc6 21. g4
Nf6 22. Rde2 Nd7 23. Nf3 b5 24. Bd6 Rfe8 25. Ng5 h6 26. Nxe6+ fxe6 27. Rxe6 Kf7
28. Bxe7 Nf6 29. Rxf6+ Kg8 30. Rxg6+ Kf7 31. Rge6 Rc7 32. Bg6+ Kg8 33. Bxe8
Bxe8 34. Bc5 Bf7 35. Re7 Rxe7 36. Rxe7 1-0

[Event "U.S. Amateur North"]
[Site "Detroit, MI"]
[Date "1997.05.24"]
[Round "3.19"]
[White "McCarter, Robert"]
[Black "Goerke, Jesse"]
[Result "1-0"]
[WhiteElo "1680"]
[BlackElo "1152"]
[PlyCount "71"]
[EventDate "1997.05.24"]

1. d4 d5 2. Nf3 Nc6 3. Bf4 e6 4. e3 Nf6 5. c4 Bb4+ 6. Nbd2 Ne4 7. a3 Nxd2 8.
Nxd2 Bxd2+ 9. Qxd2 O-O 10. cxd5 Qxd5 11. Bxc7 b6 12. f3 Na5 13. Qd3 Nb3 14. Rd1
Qa5+ 15. Kf2 Qd5 16. e4 Qc6 17. Bf4 Na5 18. b4 Nc4 19. Qxc4 Qxc4 20. Bxc4 Bb7
21. d5 exd5 22. Bxd5 Bxd5 23. Rxd5 Rac8 24. Rhd1 Rc2+ 25. Kg3 f6 26. Rd8 g5 27.
Rxf8+ Kxf8 28. Bb8 h5 29. h3 Kf7 30. Bxa7 Kg6 31. Bxb6 h4+ 32. Kh2 f5 33. Rd6+
Kh5 34. exf5 g4 35. fxg4+ Kg5 36. Be3# 1-0

[Event "U.S. Amateur North"]
[Site "Detroit, MI"]
[Date "1997.05.24"]
[Round "1.29"]
[White "Martell, Raul"]
[Black "Funderburg, James"]
[Result "1-0"]
[WhiteElo "1678"]
[BlackElo "738"]
[PlyCount "55"]
[EventDate "1997.05.24"]

1. e4 e5 2. Bc4 Nf6 3. d3 Nc6 4. a3 Bc5 5. Nc3 Nd4 6. Bg5 h6 7. Be3 d6 8. Nge2
O-O 9. Bxd4 exd4 10. Nb1 d5 11. exd5 Nxd5 12. Nd2 Qe7 13. Bxd5 Re8 14. Ne4 Bf5
15. N2g3 Qe5 16. Bb3 Bxe4 17. Nxe4 Kh8 18. O-O f5 19. Ng3 f4 20. Ne4 Bd6 21.
Qf3 g5 22. h3 Kg7 23. Rae1 Rg8 24. Qh5 f3 25. Nxd6 Qxd6 26. Re6 Qf4 27. Qxh6+
Kf7 28. Rfe1 1-0

[Event "U.S. Amateur North"]
[Site "Detroit, MI"]
[Date "1997.05.24"]
[Round "3.7"]
[White "Martell, Raul"]
[Black "Coleman, John"]
[Result "1/2-1/2"]
[WhiteElo "1678"]
[BlackElo "1949"]
[PlyCount "115"]
[EventDate "1997.05.24"]

1. e4 c6 2. d4 d5 3. e5 Bf5 4. Bd3 Bxd3 5. Qxd3 e6 6. f4 Nd7 7. Nf3 Ne7 8. Be3
Qb6 9. b3 Nf5 10. O-O Be7 11. c3 O-O 12. Nbd2 Rfc8 13. Kh1 h5 14. Rg1 g6 15.
Bf2 c5 16. g4 hxg4 17. Rxg4 Kg7 18. Nf1 c4 19. Qc2 cxb3 20. axb3 Bb4 21. Ng3
Nxg3+ 22. Rxg3 Rxc3 23. Qe2 Be7 24. Rag1 Rxb3 25. Qc2 Nf8 26. h4 Rb2 27. Qd3
Qb3 28. Qf1 Qc2 29. Be1 Qe4 30. h5 Bh4 31. Rh3 Bxe1 32. Qxe1 Qxe1 33. h6+ Kg8
34. Rxe1 Nh7 35. Rc1 a5 36. Rc7 a4 37. Ng5 Rf8 38. Rg3 b5 39. Nxe6 Rb8 40. Nc5
Rf2 41. Nd7 Re8 42. Rgc3 f6 43. Rg3 Rxf4 44. Rxg6+ Kh8 45. Nxf6 Nxf6 46. exf6
Rf8 47. Rb7 R4xf6 48. Rxf6 Rxf6 49. Rxb5 Rxh6+ 50. Kg2 Ra6 51. Rxd5 a3 52. Rh5+
Kg7 53. Rh1 a2 54. Ra1 Kf6 55. Kf3 Ke6 56. Ke4 Ra4 57. Kd3 Kd5 58. Kc3 1/2-1/2

[Event "U.S. Amateur North"]
[Site "Detroit, MI"]
[Date "1997.05.24"]
[Round "2.5"]
[White "Marinelli, Philip"]
[Black "Dangremond, Leonard"]
[Result "0-1"]
[WhiteElo "1680"]
[BlackElo "1989"]
[PlyCount "76"]
[EventDate "1997.05.24"]

1. e4 e5 2. Nc3 Nf6 3. Bc4 Bc5 4. d3 d6 5. Nf3 Nc6 6. h3 Be6 7. O-O O-O 8. Bg5
h6 9. Bxf6 Qxf6 10. Nd5 Bxd5 11. Bxd5 Ne7 12. Bb3 Ng6 13. c3 Nf4 14. Kh2 g5 15.
g3 Ne6 16. Qe2 Rae8 17. Nd2 Qg6 18. Nc4 f5 19. exf5 Qxf5 20. Ne3 Qf3 21. Qxf3
Rxf3 22. Kg2 Rf7 23. Rad1 c6 24. Nc4 Kg7 25. Rde1 Ref8 26. Re2 Nc7 27. Nd2 d5
28. Rxe5 Rxf2+ 29. Kh1 Rxf1+ 30. Nxf1 Rxf1+ 31. Kg2 Rf2+ 32. Kh1 Rf3 33. d4 Bd6
34. Kg2 Bxe5 35. Kxf3 Bd6 36. a4 Ne8 37. Bc2 Nf6 38. b3 Ne4 0-1

[Event "U.S. Amateur North"]
[Site "Detroit, MI"]
[Date "1997.05.24"]
[Round "1.16"]
[White "Maldonado, Florentino"]
[Black "Gaiefsky, Mike"]
[Result "0-1"]
[WhiteElo "994"]
[BlackElo "1900"]
[PlyCount "74"]
[EventDate "1997.05.24"]

1. e4 d5 2. exd5 Qxd5 3. Nc3 Qa5 4. Nf3 Bg4 5. Be2 Nf6 6. O-O e6 7. d3 c6 8.
Nd2 h5 9. Nc4 Qc7 10. g3 Nbd7 11. d4 Bd6 12. Nxd6+ Qxd6 13. Bf4 Qe7 14. Re1 Bh3
15. Bf3 h4 16. d5 cxd5 17. Nb5 Rb8 18. Nc7+ Kf8 19. Nb5 Ne8 20. Bxb8 Nxb8 21.
Bxd5 hxg3 22. fxg3 Qc5+ 23. Qd4 Qxb5 24. Be4 Nc6 25. Qc3 Bg4 26. Bf3 Nf6 27. a4
Qh5 28. Qa3+ Kg8 29. Bxg4 Qxh2+ 30. Kf1 Nxg4 31. Qf3 Rh5 32. Rxe6 Qh1+ 33. Ke2
Nd4+ 34. Kd2 Nxf3+ 35. Ke2 Qxa1 36. Re8+ Kh7 37. Kxf3 Qf1+ 0-1